| 000 | 00702nam a2200205 a 4500 | ||
|---|---|---|---|
| 005 | 20230225063855.0 | ||
| 008 | 050210s1997 mx r 000 0 spa d | ||
| 020 | _a9586163180 | ||
| 035 | _aUPN01000137971 | ||
| 049 | _aCG | ||
| 050 | 4 |
_aK230 _bW3.4 |
|
| 100 | 1 | _aWalter, Robert | |
| 245 | 1 | 0 |
_aKelsen, la teoría pura del Derecho y el problema de la justicia / _cRobert Walter ; tr. Luis Villar Borda. |
| 260 |
_aBogotá : _bUniversidad Externado de Colombia, _c1997. |
||
| 300 | _a120 p. | ||
| 440 | 0 |
_aSerie de teoría jurídica y filosofía del derecho ; _v7 |
|
| 650 | 4 |
_aDerecho _xFilosofía _99941 |
|
| 600 | 1 | 4 |
_aKELSEN, HANS, _d1881-1973 - _xCRITICA E INTERPRETACION _916296 |
| 905 | _aLibro | ||
| 999 |
_c110122 _d110122 |
||